Phòng trừ mối cho các công trình xây dựng và kho tàng

Gespeichert in:
Bibliographische Detailangaben
1. Verfasser: Nguyễn Chí Thanh
Format: Buch
Sprache:Undetermined
Veröffentlicht: Hà Nội Nông Thôn 1971
Schlagworte:
Tags: Tag hinzufügen
Keine Tags, Fügen Sie den ersten Tag hinzu!
Thư viện lưu trữ: Trung tâm Học liệu Trường Đại học Cần Thơ
LEADER 00542nam a2200181Ia 4500
001 CTU_14612
008 210402s9999 xx 000 0 und d
082 |a 648.7 
082 |b Th107 
100 |a Nguyễn Chí Thanh 
245 0 |a Phòng trừ mối cho các công trình xây dựng và kho tàng 
245 0 |c Nguyễn Chí Thanh 
260 |a Hà Nội 
260 |b Nông Thôn 
260 |c 1971 
650 |a home economics 
904 |i Minh, 970106 
980 |a Trung tâm Học liệu Trường Đại học Cần Thơ